| 000 | 01490nam0a2200301 4500 | ||
|---|---|---|---|
| 001 | RU\NLR\bibl\1201124 | ||
| 005 | 20250615101948.0 | ||
| 021 |
_aRU _b2008-4484 _9240 |
||
| 035 | _a(NLR Aleph) 001187623 | ||
| 090 |
_a1697047 _c1697047 |
||
| 100 | _a20080317d2005 |||y0rusy50 ca | ||
| 101 | 0 | _arus | |
| 102 | _aRU | ||
| 105 | _ay ||||||||| | ||
| 200 | 1 |
_aНравственное воспитание сотрудников органов внутренних дел _eучебно-методическое пособие _fА.С. Петрова _gМ-во внутр. дел. Рос. Федерации, Тюмен. юрид. ин-т |
|
| 210 |
_aТюмень _cТюменский юридический институт МВД РФ _d2005 |
||
| 215 |
_a30 с. _d21 |
||
| 300 | _aВ вып. дан. авт.: Петрова А.С., к.п.н. | ||
| 320 | _aБиблиогр. в подстроч. прим. (20 назв.) | ||
| 606 | 1 |
_aОрганы внутренних дел _jУчебно-методические пособия для высших учебных заведений _xКадры _xНравственное воспитание _yРоссийская Федерация _92309591 _3RU\NLR\auth\661382314 |
|
| 686 | _aХ621.163.01п3я73 | ||
| 700 | 1 |
_aПетрова _bА. С. _gАлла Станиславовна _4070 |
|
| 801 | 0 |
_aRU _bNLR _c20080317 _gRCR |
|
| 801 | 1 |
_aRU _bNLR _c20080317 |
|
| 830 | _aавт. по кн. | ||
| 942 | _cBOOK | ||
| 980 | _aNB | ||